Country Picture Puzzle Game #13 - Statistics

General Stats
  • This quiz has been taken 1,906 times
  • The average score is 11 of 17
Answer Stats
Hint Answer % Correct
HTML tutorial ___ Delhi, ___ York, Papua ___ Guinea New
99%
HTML tutorial Capital city of Greece Athens
95%
HTML tutorial "Former" planet of our solar system Pluto
95%
HTML tutorial Capital city of Peru Lima
92%
HTML tutorial Capital city of Texas Austin
87%
HTML tutorial Westernmost US state Alaska
86%
Australia
83%
HTML tutorial Gaza and West ____ Bank
75%
HTML tutorial The world's highest waterfall Angels Fall
65%
HTML tutorial The largest French island Corsica
62%
HTML tutorial Capital city of Guinea-Bissau Bissau
57%
HTML tutorial Other name for Mount McKinley Denali
51%
HTML tutorial Jeju Island belongs to which Asian country? South Korea
49%
HTML tutorial Confoederatio Helvetica is Latin name for what country? Switzerland
44%
HTML tutorial Country where Amharic is official language Ethiopia
41%
HTML tutorial What country is Lioness Mountains? Sierra Leone
25%
HTML tutorial What is directly above the hypocenter? Epicenter
24%
No matching quizzes found
Score Distribution
Percent of People with Each Score
Percentile by Number Answered
Your Score History
You have not taken this quiz